000 00289nam a2200133Ia 4500
008 190216s9999||||xx |||||||||||||| ||und||
100 _aLiptrot
245 0 _aModern Inorganic Chemistry
250 _a4th Ed.
260 _bNull
_c1971
300 _a472
650 _aChemistry
942 _cBK
999 _c2619
_d2619